书目信息 |
| 题名: |
国际贸易地理概论
|
|
| 作者: | 于志达 | |
| 分册: | ||
| 出版信息: | 天津 南开大学出版社 2002 |
|
| 页数: | 434 | |
| 开本: | 21cm | |
| 丛书名: | 现代国际贸易丛书 | |
| 单 册: | ||
| 中图分类: | F742 | |
| 科图分类: | ||
| 主题词: | 商业经济 | |
| 电子资源: | ||
| ISBN: | 7-310-01723-4 | |
| 000 | 00590nam0 2200217 450 | |
| 001 | 0760515518 | |
| 005 | 20070817164835.51 | |
| 010 | @a7-310-01723-4@d¥24.00 | |
| 100 | @a20070817d km y0chiy0120 ea | |
| 101 | 0 | @achi |
| 200 | 1 | @a国际贸易地理概论@Aguo ji mao yi di li gai lun@f于志达@Fyu zhi da |
| 205 | @a二版 | |
| 210 | @a天津@c南开大学出版社@d2002 | |
| 215 | @a434@d21cm | |
| 225 | 2 | @a现代国际贸易丛书 |
| 410 | 0 | @12001 @a现代国际贸易丛书 |
| 606 | 0 | @a商业经济 |
| 690 | @aF742@v3 | |
| 701 | 0 | @a于志达@Ayu zhi da |
| 801 | 0 | @aCN@bPFT@c20070817 |
| 905 | @a213230@dF742@eg100@f1 | |
| 国际贸易地理概论/于志达.-二版.-天津:南开大学出版社,2002 |
| 434;21cm.-(现代国际贸易丛书) |
| ISBN 7-310-01723-4:¥24.00 |
| ● |
| 相关链接 |
|
|
|
|
正题名:国际贸易地理概论
索取号:F742/g100
 
预约/预借
| 序号 | 登录号 | 条形码 | 馆藏地/架位号 | 状态 | 备注 |
| 1 | 6502387 | 265023878 | 密集书库-海洋学院/ [索取号:F742/g100] | 在馆 | |
| 2 | 6502388 | 265023887 | 密集书库-海洋学院/ [索取号:F742/g100] | 在馆 |